| 000 | 00525nam a22001817a 4500 | ||
|---|---|---|---|
| 003 | OSt | ||
| 005 | 20160301145916.0 | ||
| 008 | 130213t xxu||||| |||| 00| 0 eng d | ||
| 020 | _a9781906884079 | ||
| 050 |
_aG 155.A1 _b.T731 2010 |
||
| 100 | _aTribe, John. | ||
| 245 |
_aStrategy for tourism / _cJohn Tribe. |
||
| 260 |
_aOxford : _bGoodfellow Pub. _c2010. |
||
| 300 |
_avi, 258 pages : _billustrations ; _c25 cm. |
||
| 500 | _aIncludes bibliographical references and index. | ||
| 942 |
_2lcc _cBK _kFOR |
||
| 999 |
_c15953 _d15953 |
||